000 00320nam a22001337a 4500
008 170214b xxu||||| |||| 00| 0 eng d
020 _a9781133442868
041 _aeng
080 _21ST
_a61
100 _a4
101 _aSHM
245 _aFUNDAMENTALS FOR PRACTICE WITH HIGH RISK POPULATIONS
_cSUMMERS
942 _2udc
_cBK
999 _c5343
_d5343